01327nam a22003494a 4500001001200000003000800012006001900020007001500039008004100054010001700095015001900112016001800131020002800149020003100177040002100208035002100229050002400250082001800274100002900292245007400321260005900395300001500454490004400469504006600513533015200579650001400731655002900745710001700774830004500791856012600836999001500962ebr10284074CaPaEBRm u cr cn|||||||||060714s2007 nju sb 001 0 eng  z 2006050375 aGBA7100062bnb7 z0136608202Uk z0691129185 (alk. paper) z9780691129181 (alk. paper) aCaPaEBRcCaPaEBR a(OCoLC)33082290914aQA188b.B488 2007eb04a512.9/4342221 aBhatia, Rajendra,d1952-10aPositive definite matricesh[electronic resource] /cRajendra Bhatia. aPrinceton, N.J. :bPrinceton University Press,cc2007. aix, 254 p.1 aPrinceton series in applied mathematics aIncludes bibliographical references (p. [237]-245) and index. aElectronic reproduction.bPalo Alto, Calif. :cebrary,d2013.nAvailable via World Wide Web.nAccess may be limited to ebrary affiliated libraries. 0aMatrices. 7aElectronic books.2local2 aebrary, Inc. 0aPrinceton series in applied mathematics.40uhttp://site.ebrary.com/lib/rucke/Doc?id=10284074zAn electronic book accessible through the World Wide Web; click to view c2510d2510